Pohled do historie trhu dluhopisů na území České republiky

História dlhopisov a inštitúcií pôsobiacich na trhu dlhopisov na území Českej republiky od obdobia Rakúsko-Uhorska po novodobú históriu. Základné charakteristiky a typy dlhopisov a hlavní účastíci trhu v týchto obdobiach.

Guardado en:
Detalles Bibliográficos
Autor principal: Dvořáková, Anna
Formato: Capítulo de libro
Lenguaje:checo
Materias:
Etiquetas: Agregar Etiqueta
Sin Etiquetas, Sea el primero en etiquetar este registro!

MARC

LEADER 00000naa$a2200000$$$4500
001 0008472
005 20231010095829.4
041 0 |a cze 
044 |a CZ 
245 1 0 |a Pohled do historie trhu dluhopisů na území České republiky  |c aut. Anna Dvořáková 
520 |a História dlhopisov a inštitúcií pôsobiacich na trhu dlhopisov na území Českej republiky od obdobia Rakúsko-Uhorska po novodobú históriu. Základné charakteristiky a typy dlhopisov a hlavní účastíci trhu v týchto obdobiach. 
610 2 0 |a dlhopisy 
610 2 0 |a história 
610 2 0 |a Česko 
610 2 0 |a financie štátne 
610 2 0 |a dlhopisy štátne 
610 2 0 |a obligácie 
610 2 0 |a banky 
610 2 0 |a burzy 
610 2 0 |a trh kapitálový 
100 1 |a Dvořáková, Anna